Подобрен (Запис номер 497379)
[ съкратено ]
| 000 -Лидер | |
|---|---|
| Лидер | 01136nam a2200289 a 4500 |
| 003 - Код на организацията, давaща контролен номер | |
| Код на организацията, даваща контролен номер | BLK |
| 005 - Дата и час на последна редакция | |
| Дата и час на последна редакция | 20250709140103.0 |
| 008 - Елементи от данни с фиксирана дължина | |
| Елементи с фиксирана дължина | 210525b bu |||||r|||| 00| | bu d |
| 020 ## - Международен стандартен номер на книга ISBN | |
| ISBN | 978-619-157-415-5 |
| Коментар към ISBN | 9786191574155 |
| 040 ## - Източник на каталожния запис | |
| Код на библиотеката | BLK |
| 041 ## - Код за език | |
| Език | Български |
| Език за КДБФ | Български |
| 080 ## - УДК | |
| УДК текст | Американска литература (на САЩ) |
| УДК код | 821.111(73) |
| УДК – определител | -31 |
| УДК – код + определител | 821.111(73)-31 |
| 084 ## - Класификационен индекс по друга класификация | |
| Авторски знак | Крал - К 89 |
| 100 ## - Редна дума - Автор | |
| R(LIN) | 323624 |
| Автор | Крауч, Блейк |
| 245 ## - Сведения за заглавието | |
| Заглавие | Подобрен |
| Авторска отговорност | Блейк Крауч ; прев. от англ. Александър Мишков. |
| 260 ## - Област на издателските данни | |
| 9 (RLIN) | 213219 |
| Място на издаване | София |
| Име на издателя | Ибис |
| Година на издаване | 2023 |
| Печатница | София : Симолини |
| 300 ## - Физическа характеристика | |
| Брой страници | 324 с. |
| Размер | 21 см |
| 380 ## - Жанр | |
| Жанр | Худож. лит. |
| 490 ## - СЕРИИ (Колекции) | |
| 9 (RLIN) | 203127 |
| Серия | Съвременни трилъри |
| ISSN на серия | C634-7185 |
| 500 ## - Общи забележки | |
| Обща забележка | Ориг. загл.: Upgrade / Blake Crouch |
| 700 ## - Други автори (авторска отговорност) | |
| 9 (RLIN) | 457122 |
| Друг автор | Мишков, Александър Валентинов |
| 852 ## - Местоположение | |
| Отдел | Заемна - подръчен фонд |
| Систематично-азбучна сигнатура | 821-31/ К 89 Б |
| 852 ## - Местоположение | |
| Сигнатура (форматна) | Цб 323668 |
| Отдел | Хранилище |
| 942 ## - АРТИКУЛИ | |
| Вид на библиотечния документ | Книги |
| Скрит в OPAC | Не |
| Периодичен библиозапис | Да |
| Koha issues (borrowed), all copies | 38 |
| 944 ## - СЪЗДАВАНЕ И РЕДАКЦИЯ на ЗАПИСА | |
| Служител, извършил регистрацията/редакцията | 30576 |
| Дата на регистрацията/редакция | Диана Гривева |
| Номер на служител | Цветомила Тодорова |
| 999 ## - СИСТЕМНИ КОНТРОЛНИ НОМЕРА | |
| Koha biblionumber | 497379 |
| Koha biblioitemnumber | 497379 |
| Код за отписване | Код за изгубен артикул | Източник на класификационната схема | Код за повреда | Код за отдаване | Артикулен № | Име на библиотеката - собственик | Име на библиотеката, в която се намира в момента | Статус (Текущо местоположение) | Дата на вписване в системата | Местоположение - отдел | Цена в лева | Инвентарен номер | Систематично азбучна сигнатура | Баркод | Цена в евро | Служебен тип на артикула | Коз за рестрикции |
|---|---|---|---|---|---|---|---|---|---|---|---|---|---|---|---|---|---|
| Не е изгубен | Universal Decimal Classification | Не е повреден | заемане за дома | 935706 | Регионална библиотека "Любен Каравелов" Русе | Регионална библиотека "Любен Каравелов" Русе | Заемна - подръчен фонд | 2023-11-03 | Заемна - подръчен фонд | 13.24 | 120000894829 | 821-31/К 89 Б | 120000894829 | 6.77 | Книги | ||
| Не е изгубен | Universal Decimal Classification | Не е повреден | ползва се в читалня | 945248 | Регионална библиотека "Любен Каравелов" Русе | Регионална библиотека "Любен Каравелов" Русе | Хранилище | 2024-07-03 | Хранилище | 18.90 | 120000910390 | Цб 323668 | 120000910390 | 9.66 | Книги | само за читалня |